| 000 | 00532nam a22001817a 4500 | ||
|---|---|---|---|
| 005 | 20250326135712.0 | ||
| 008 | 250326b |||||||| |||| 00| 0 eng d | ||
| 020 | _a9781784719968 | ||
| 041 | _aEng. | ||
| 082 | _a174.4 END | ||
| 100 | _aEnderle, Georges | ||
| 245 | _aEthical Innovation in Business and the Economy | ||
| 260 |
_aUK _bEdward Elgar Publishing _c2015 |
||
| 300 | _a317;. P. 23 cm | ||
| 650 | _aTechnological Innovations-Moral and Ethical Aspects; Business Ethics | ||
| 700 | _aMurphy, Patrick E. | ||
| 942 | _cBK | ||
| 999 |
_c43409 _d43409 |
||